Cosmic Beginnings and Human Ends (Record no. 9794)

MARC details
000 -LEADER
fixed length control field 00667nam a2200241 a 4500
020 ## - INTERNATIONAL STANDARD BOOK NUMBER
ISBN 0812691
082 00 - DEWEY DECIMAL CLASSIFICATION NUMBER
Classification number 291.175
Author Cutter MAT
100 ## - MAIN ENTRY--AUTHOR NAME
Author name Matthews, Clifford N
245 ## - TITLE STATEMENT
Title Cosmic Beginnings and Human Ends
Sub title Where Sciences and Religion Meet.
260 ## - PUBLICATION, DISTRIBUTION, ETC. (IMPRINT)
Place of publication Chicago, London
Name of publisher Open Court Publishing Co.
Year of publication 1995
300 ## - PHYSICAL DESCRIPTION
Number of Pages 433p
500 ## - GENERAL NOTE
General note includes index and biblioraphy
505 2# - FORMATTED CONTENTS NOTE
Formatted contents note Index
650 ## - SUBJECT ADDED ENTRY--TOPICAL TERM
Topical Term Religion and Science-Congress
650 ## - SUBJECT ADDED ENTRY--TOPICAL TERM
Topical Term Cosmology-Congress
942 ## - ADDED ENTRY ELEMENTS (KOHA)
Koha item type Books
Holdings
Collection code Home library Current library Date acquired Cost, normal purchase price Full call number Accession Number Koha item type
  Henry Martyn Institute Library Henry Martyn Institute Library 07/18/2007 414.00 291.175 MAT 017665 Books
                   Copyright © 2026 | Henry Martyn Institute | Hyderabad | TS-500052 | INDIA | Implemented by hmi.edu.in
Hit-Count:

Powered by Koha